Impact of economic reforms on Indian electorate (Record no. 60389)

000 -LEADER
fixed length control field 01055pab a2200181 454500
008 - FIXED-LENGTH DATA ELEMENTS--GENERAL INFORMATION
fixed length control field 180718b2004 xxu||||| |||| 00| 0 eng d
100 ## - MAIN ENTRY--PERSONAL NAME
Personal name Sanjay Kumar
245 ## - TITLE STATEMENT
Title Impact of economic reforms on Indian electorate
260 ## - PUBLICATION, DISTRIBUTION, ETC.
Date of publication, distribution, etc. 2004
300 ## - PHYSICAL DESCRIPTION
Extent p.1621-630.
362 ## - DATES OF PUBLICATION AND/OR SEQUENTIAL DESIGNATION
Dates of publication and/or sequential designation 17 Apr
520 ## - SUMMARY, ETC.
Summary, etc. Economic reforms initiated since the 1990s became an election issue in the 1996 general elections, when the Congress raised it in its manifesto. Later, the party's defeat and subsequent slide in parliament was attributed to its espousal of the themes of liberalisation and privatisation. This article analyses the results of surveys conducted after the three successive Lok Sabha elections of 1996, 1998 and 1999. While opinions on reforms differ across communities and categories of voters, increasing levels of awareness do not necessarily coincide with a support for reforms. - Reproduced.
650 ## - SUBJECT ADDED ENTRY--TOPICAL TERM
Topical term or geographic name entry element Elections - India
650 ## - SUBJECT ADDED ENTRY--TOPICAL TERM
Topical term or geographic name entry element Economic reform - India
650 ## - SUBJECT ADDED ENTRY--TOPICAL TERM
Topical term or geographic name entry element Economic reform
773 ## - HOST ITEM ENTRY
Main entry heading Economic and Political Weekly
909 ## -
-- 60389
Holdings
Withdrawn status Lost status Damaged status Not for loan Permanent Location Current Location Date acquired Serial Enumeration / chronology Barcode Date last seen Price effective from Koha item type
        Indian Institute of Public Administration Indian Institute of Public Administration 2018-07-19 Volume no: 39, Issue no: 16 AR60835 2018-07-19 2018-07-19 Articles

Powered by Koha